Central Library OPAC University of Rajshahi

Imperialism and unequal development / (Record no. 59535)

MARC details
000 -LEADER
fixed length control field 00808nam a2200265 a 4500
001 - CONTROL NUMBER
control field 59535
003 - CONTROL NUMBER IDENTIFIER
rucl marc code BHD-RJUL
005 - DATE AND TIME OF LATEST TRANSACTION
control field 20211209080737.0
008 - FIXED-LENGTH DATA ELEMENTS--GENERAL INFORMATION
fixed length control field 161226s1977 enk b 000 0 eng
020 ## - INTERNATIONAL STANDARD BOOK NUMBER
International Standard Book Number 0855275510
International Standard Book Number 0855276215 (pbk.)
035 ## - SYSTEM CONTROL NUMBER
System control number BHD-RJUL 59659
040 ## - CATALOGING SOURCE
Original cataloging agency DLC
Transcribing agency DLC
Modifying agency m.c
Language of cataloging eng
041 1# - LANGUAGE CODE
Language code of text/sound track or separate title engfre
082 ## - DEWEY DECIMAL CLASSIFICATION NUMBER
Edition number 23
Classification number 306.3
Author mark and year AMI 1977
100 1# - MAIN ENTRY--PERSONAL NAME
Personal name Amin, Samir.
9 (RLIN) 177079
245 10 - TITLE STATEMENT
Title Imperialism and unequal development /
Statement of responsibility, etc. by Samir Amin
260 ## - PUBLICATION, DISTRIBUTION, ETC. (IMPRINT)
Place of publication, distribution, etc. Hassocks :
Name of publisher, distributor, etc. Harvester Press,
Date of publication, distribution, etc. 1977
300 ## - PHYSICAL DESCRIPTION
Pagination 267 p. ;
Size 21 cm
500 ## - GENERAL NOTE
General note Translation of L'impérialisme et le développement inégal
504 ## - BIBLIOGRAPHY, ETC. NOTE
Bibliography, etc Includes bibliographical references
650 #0 - SUBJECT ADDED ENTRY--TOPICAL TERM
Topical term or geographic name as entry element Socialism
9 (RLIN) 172186
830 #0 - SERIES ADDED ENTRY--UNIFORM TITLE
Uniform title Marxist theory and contemporary capitalism
942 ## - ADDED ENTRY ELEMENTS (KOHA)
Source of classification or shelving scheme Dewey Decimal Classification
Koha item type Books
Holdings
Lost status Source of classification or shelving scheme Damaged status Not for loan Collection code Permanent Location Current Location Shelving location Date acquired Source of acquisition Total Checkouts Full call number Date last seen Copy number Koha item type
  Dewey Decimal Classification   Not For Loan Non-fiction Central Library, University of Rajshahi Central Library, University of Rajshahi Reading Room 13/08/1981 Netherland   306.3 AMI 1977 26/12/2016 C-1 Books